| 000 | 00598nam a22002057a 4500 | ||
|---|---|---|---|
| 999 |
_c19045 _d19045 |
||
| 003 | AR-CdUCM | ||
| 008 | 190516b ||||| |||| 00| 0 spa d | ||
| 040 |
_aMUNICIPALIDAD PROVINCIAL DEL CUSCO _cBIBLIOTECA MUNICIPAL DEL CUSCO |
||
| 082 |
_a848.9 / _bC24 |
||
| 100 |
_aCamus, Albert _99136 |
||
| 245 | _aLa peste / | ||
| 260 |
_aMéxico : _bAzteca, _c1956. |
||
| 300 |
_a219 páginas ; _c20.5 cm. |
||
| 505 | _aContenido: Novela | ||
| 650 |
_aNovelas francesas _9571 |
||
| 650 |
_aSiglo XX. _98 |
||
| 700 |
_aChacel, Rosa (traductora) _940111 |
||
| 942 |
_2ddc _cLIBROS |
||
| 945 |
_aacv _d2019-05-16 |
||